| 000 | 00398nam a2200145Ia 4500 | ||
|---|---|---|---|
| 008 | 210210b1977 xxu||||| |||| 00| 0 eng d | ||
| 082 | _a530.02 GREP | ||
| 100 | _aGRECHKO (L G) & others. | ||
| 245 | _aProblems in theoretical physics. | ||
| 260 |
_aMoscow _bMir Publishers _c1977 |
||
| 300 | _aviii,447 | ||
| 650 | _aProblems theoretical physics | ||
| 690 | _aPhysics Problems | ||
| 906 | _aSG00413 | ||
| 999 |
_c111732 _d111732 |
||